000 00556nam a2200169 i 4500
001 188047
003 SpMaBN
005 20250612063108.0
008 180419s1924 sp |||| | spa d
080 _a821.134.2-31"19"
100 1 _aBorrás, Tomás,
_d1891-1976
_930556
245 1 3 _aLa pared de tela de araña
_b: novela /
_cTomás Borrás.
260 _aMadrid :
_bMarineda,
_c[1924]
300 _a305 p. ;
_c19 cm.
852 _aES-MaACL
_jL-31929
_z. - Donat. herederos de la bibl. de Mª del Pilar Costa Palacín
999 _c188047
_d188047